01576nab a2200289 uc450000100070000000500170000700800410002403500110006503500210007604000130009704100080011010000530011824500790017126000100025052005600026061000560082061000590087665000330093565000310096865000410099965000470104065000400108765000370112777300930116494200100125799900190126784028620240718090303.0030827e20030501 spa  a840286 a(OCoLC)820073595 ccomduadb aspa10aVillarraga Sarmiento, Álvaro4auteaut950972810aMovimiento ciudadano por la paz : antecedentes, experiencias y discusiones c2003.3 aSe cumple una decada de la aparicion en el panorama nacional de un sinnumero de actividades realizadas por colectivos de organizaciones sociales que han sido reconocidas como las iniciativas de paz; su impacto ha sido notorio en la opinion publica y con poder de incidencia ante los gobiernos y los actores armados participantes en la guerra. Sobre esta base podemos discutir que durante los anos noventa surgio un nuevo movimiento ciudadano, el cual presenta particularidades y resume basicamente las caracteristicas atribuias a los movimientos sociales.24aFuerzas Armadas Revolucionarias de Colombia983184124aEjército de Liberación Nacional (Colombia)9832010 aMovimiento ciudadano9174780 7aPazzColombia2lemb934396 7aProceso de pazzColombia2lemb97463 7aMovimientos socialeszColombia2lemb96234 aRuta Pacifica de las Mujeres999221 aSociedad civil - Colombia9732170 tRevista Foro (Santafé de Bogotá)gNo. 47, May. 2003, p. 41-56w6971x0121-255904662 cARIMP c291935d291935